Memorias de un cirujano /

Detalles Bibliográficos
Autor principal: Crespo Astudillo, Emiliano (Autor)
Otros Autores: Ortiz, Gonzalo (Editor)
Formato: Electrónico eBook
Lenguaje:español
Publicado: Cuenca, Ecuador : Universidad del Azuay, Casa Editora, [2025]
Edición:Segunda edición consolidada.
Colección:Homo (Universidad del Azuay, Casa Editora). Historia.
Materias:
Acceso en línea:Digitalia Hispánica

MARC

LEADER 00000nam a2200000 i 4500
001 DIGUAZUAY0318
003 NyNyDIG
007 cr |||||||||||
008 260121s2025 ec ac ob 000 0aspa d
006 m o d
035 |a (OCoLC)1536988834 
040 |a DGITA  |b eng  |e rda  |e pn  |c DGITA 
020 |a 9789942670915  |q eBook 
020 |z 9789942670908 
043 |a s-ec--- 
050 1 4 |a R483.C74 ebook 
100 1 |a Crespo Astudillo, Emiliano,  |e author. 
245 1 0 |a Memorias de un cirujano /  |c Emiliano J. Crespo ; segunda edición consolidada a cargo de Gonzalo Ortiz Crespo. 
250 |a Segunda edición consolidada. 
264 1 |a Cuenca, Ecuador :  |b Universidad del Azuay, Casa Editora,  |c [2025] 
300 |a 1 online resource :  |b illustrations, portraits. 
336 |a text  |b txt  |2 rdacontent 
337 |a computer  |b c  |2 rdamedia 
338 |a online resource  |b cr  |2 rdacarrier 
347 |a text file  |2 rdaft 
347 |b PDF 
490 1 |a Homo. Historia 
504 |a Includes bibliographical references. 
588 0 |a Online resource; title from PDF title page (Digitalia, viewed January 21, 2026) 
600 1 0 |a Crespo Astudillo, Emiliano. 
650 0 |a Physicians  |z Ecuador  |v Biography. 
700 1 |a Ortiz, Gonzalo,  |e editor. 
791 2 |a Digitalia (Firm),  |e distributor. 
793 0 |g Digitalia eBook Collection:  |a Universidad del Azuay 
776 0 8 |i Print version:  |a Crespo Astudillo, Emiliano.  |t Memorias de un cirujano.  |b Segunda edición consolidada.  |d Cuenca, Ecuador : Universidad del Azuay, Casa Editora, [2025]  |z 9789942670908 
830 0 |a Homo (Universidad del Azuay, Casa Editora).  |p Historia. 
856 4 0 |3 Digitalia Hispánica  |u https://www.digitaliapublishing.com/a/180882/ 
910 |a Premium collection: 2026